Normal view
MARC view
Entry Personal Name
001 - CONTROL NUMBER
- control field: 49484
003 - CONTROL NUMBER IDENTIFIER
- control field: ARRUPE
005 - DATE AND TIME OF LATEST TRANSACTION
- control field: 20200211095228.0
008 - FIXED-LENGTH DATA ELEMENTS
- fixed length control field: 200211|| aca||aabn | a|a d
040 ## - CATALOGING SOURCE
- Original cataloging agency: ARRUPE
- Transcribing agency: ARRUPE
100 ## - HEADING--PERSONAL NAME
- Personal name: Molefe, Motsamai
670 ## - SOURCE DATA FOUND
- Source citation: Work cat.: (ARRUPE)0: Molefe, Motsamai, An African philosophy of personhood, morality, and politics., 2019